000 00446nam a22001577a 4500
005 20251108164700.0
008 250721s1982 xx 000 0 ara d
082 1 4 _a745/محي
100 1 _aطالو، محي الدين
245 1 0 _aالفنون الزخرفية /
264 1 _aدمشق :
_bدار دمشق للطباعة و النشر،
_c1982.
300 _a224ص : مص
650 1 7 _aالزخرفة
942 _2ddc
_cBK
999 _c11737
_d11737